00523pam a2200145 a 4500020000500000041000500005082002800010100001600038245007100054260004100125300001100166930000900177999001900186952017200205 c h a336.24900000000002bGUP aGupta, N.H. aSocial Security Legislation For Labour In IndiahTextual Documents aNew DelhibDeep And Deep Publication a384/CB a3442 c110273d110273 00102ddc4070aAKSbAKScMSW Libraryd1987-01-29eInternational Book Servicesg250.00l0o336.24900000000002 GUPpAKS-W-00779r2023-03-01 00:00:00t1w2023-03-01yBK